000 01324nam a22003257a 4500
003 CHAP
005 20220329143822.0
008 111003s2009 mx a r 00010 spa d
010 _a102295
011 _a103267
020 _a9789708260657
035 _a113956
040 _cCHAP
082 0 4 _a972.03
_bF77
245 0 3 _aEl fortalecimiento nacional y la identidad mexicana a través de las vicisitudes de Miguel Hidalgo y Costilla :
_bantología
_c/compilado por José Martínez Pichardo
260 _aToluca, Méx. :
_bGobierno del Estado de México,
_c2009
300 _axlvi, 470 p.
490 0 _aBiblioteca Mexiquense del Bicentenario.
_pColección Mayor.
_pEstado de México: patrimonio de un pueblo
590 _aBATCH-UPD
_b10
_c20130110
_lUCH01
_h0902
590 _aBATCH-UPD
_b10
_c20130410
_lUCH01
_h0531
590 _aBATCH-UPD
_b10
_c20130914
_lUCH01
_h1801
590 _aCONVERSION
_b10
_c20130109
_lUCH01
_h1356
650 1 4 _aMéxico
_xHistoria
_xIndependencia.
_976761
700 1 _aMartínez Pichardo, José.
_972380
710 2 _aMéxico. Gobierno del Estado.
_977067
830 0 _aBiblioteca Mexiquense del Bicentenario.
_pColección Mayor.
_pEstado de México: patrimonio de un pueblo
_912425
901 _aBK
942 _cLIBRO
949 _a972.03 F77
_bBC
_cLIBRO
_d33724002307470
_eLIBRO
_h115922
_i113956
_sb
999 _c102295
_d102295